| 000 | 00509nam a2200169Ia 4500 | ||
|---|---|---|---|
| 008 | 090123s9999 xx 000 0 und d | ||
| 082 |
_b566 _a891.463/आपटे |
||
| 100 | _aआपटे हरी नारायण | ||
| 245 | _aमानवी आशा | ||
| 250 | _a0 | ||
| 300 | _a199 | ||
| 600 | _aआपटे हरी नारायण | ||
| 630 | _aमानवी आशा | ||
| 700 | _aआपटे हरी नारायण | ||
| 730 | _aमानवी आशा | ||
| 942 | _cBOOK | ||
| 999 |
_c38653 _d38653 |
||